| 000 | 01195nam a2200265Ia 4500 | ||
|---|---|---|---|
| 003 | CO-CtgCURN | ||
| 005 | 20250410171820.0 | ||
| 008 | 190723s9999 xx 000 0 und d | ||
| 040 |
_aCO-CtgCURN _bspa _ccoctgcurn |
||
| 082 |
_a344.046 _bC335 |
||
| 100 | _aCasas Isaza, Adriana | ||
| 245 | 0 |
_aRecursos geneticos : _bbiodiversidad y derecho / _cAdriana Casas Isaza |
|
| 260 |
_aBogotá, Colombia : _bGrupo Editorial Ibañez, _c1999 |
||
| 300 |
_a252 páginas ; _c23 centímetros |
||
| 500 | _aIncluye índice y prólogo | ||
| 504 | _aIncluye referencias bibliográficas (p. 251-252) | ||
| 505 | _aCap. 1. Colombia y su biodiversidad -- Cap. 2. Contexto jurídico mundial y nacional del acceso a los recursos geneticos de la diversidad biologica -- Cap. 3. El derecho comunitario andino y la decision 391 de 1996 -- Cap. 4. Conclusiones y recomendaciones | ||
| 521 | _aAREA PROFESIONAL | ||
| 590 | _aPrograma de Derecho_18 | ||
| 650 | _aBiodiversidad | ||
| 650 |
_aDerecho ambiental _zColombia |
||
| 942 |
_cBK _h344.046 _iC335 _02 _2ddc _n0 |
||
| 999 |
_c28698 _d28698 |
||